000 00443nam a2200157Ia 4500
008 160316s2003 xxu||||| |||| 00| 0 eng d
082 _a344.042330
_bDE
100 _aDe Dibyajyoti
245 _aGuide to narcotic drugs and psychotropic substances act
250 _a
260 _aAgra
_bWadhwa and Co.
_c2003
300 _a1217p
_b
_clxxvii
365 _bRs.1,295
650 _a1.Narcotic Drugs - Psychotropic Substances Act
700 _a
_a
999 _c22516
_d22516